00471cam a22001692 4500001001100000005001700011008004100028020002600069040001500095050001700110100002900127245005800156260004500214300001100259650002800270852000300298000000022820151021151041.0070117s xx 000 0 eng d a058265128X :cKES 950 aKABUcKABU 0aHF5635b.W661 aWood, Frank.@000016006910aPrinciples of accounts for East Africa /cFrank Wood. aHarlow, England :bPearson Educ.,c1985. a314 p. 0aAccounting.@00001483211